HZDS 97: kríza vládnutia na pozadí stagnujúcich preferencií

Bibliographic Details
Main Author: Mesežnikov, Grigorij, 1958- (Author)
Format: Article
Language:Slovak
PhysicalDescription:Fotogr. 1
Subjects:

MARC

LEADER 00000nab a2200000 a 4500
001 vtls000645050
003 SK-MaSNL
005 20260305010103.0
008 160401c1997 xo 0 slo
015 |a SNBRB19rr/mm-uuuuu 
035 |a CL0645189 
040 |a SNKBUCL  |b slo  |c SNKBUCL  |e AACR2 
041 0 |a slo 
044 |a xo  |c SK 
080 |a 329.7(437.6)HZDS  |2 1981 
100 1 |a Mesežnikov, Grigorij,  |d 1958-  |4 aut  |9 87097 
245 1 0 |a HZDS 97: kríza vládnutia na pozadí stagnujúcich preferencií  |c Grigorij Mesežnikov 
300 |b Fotogr. 1 
610 2 7 |a Hnutie za demokratické Slovensko  |2 snkbucl  |9 14440 
655 7 |a články z novín a časopisov  |2 snkbucl  |9 267496 
773 0 |t Sme plus  |g Roč. 31, č. 51-52 (1997), s. 22 
850 |a Slovenská národná knižnica v Martine  |a MTA001 
852 |a SNK  |b KIS3GCP 
958 |a SK 
958 |a RK 
958 |a RBX 
999 |c 3244530  |d 3246460